Paesi che confinano con la Russia - Morte improvvisa - Statistics

Statistiche generali
  • Questo quiz è stato fatto 448 volte
    115 dall'ultimo reset
  • Il punteggio medio è 8 su 14
Answers on the Grid
Answers color-coded by a green-red scale on the quiz's grid according to % correct below.
Norvegia
Finlandia
Estonia
Lettonia
Polonia
Bielorussia
Ucraina
Georgia
Azerbaigian
Lituania
Kazakistan
Mongolia
Cina
Corea del Nord
Svezia
Germania
Romania
Bulgaria
Moldavia
Turchia
Armenia
Uzbekistan
Turkmenistan
Kirghizistan
Corea del Sud
India
Tagikistan
Iran
Afghanistan
Arabia Saudita
 
Statistiche sulle risposte
Risposta % Corretto
Ucraina
68%
Bielorussia
66%
Cina
66%
Estonia
61%
Corea del Nord
60%
Lituania
57%
Mongolia
56%
Lettonia
55%
Finlandia
53%
Kazakistan
52%
Norvegia
52%
Georgia
45%
Polonia
44%
Azerbaigian
32%
Nessun quiz corrispondente trovato
Distribuzione punteggi
Percentuale di utenti per punteggio
Percentile per numero di risposta
I tuoi punteggi nel tempo
Non hai fatto questo quiz dall'ultimo reset